LDR 00618naa#a2200181#i#450# 001 EN\\bibl\123359 005 20260706025538.1 011 ## _a1994-4683 100 ## _a20230731b2023####ek#y0engy0150####ca 102 ## _aRU 200 1# _aTHE ROLE OF THE STUDENT-TUTOR IN THE ADAPTATION OFFOREIGN STUDENTS _eJournal article 210 1# _aMoscow _cNational State University of Physical Education, Sports and Health named after P.F. Lesgaft _d2023 215 ## _a2 с. 608 ## _aJournal article _2local 675 ## _aУниверситеты. 378.4 _z 700 #1 _aBortnikova _gL V 700 #1 _aNagovitsyn _gR S 856 4# _auchzapiski.lesgaft.spb.ru _u